000 00401nam a22001577a 4500
005 20240209030458.0
008 240209b |||||||| |||| 00| 0 eng d
020 _a8185107734.
082 _222
_a306.85
_bKAM.
100 _aBhasin, Kamla.
245 _aWhat is patriarchy? .,
_cKamla, bhasin.
260 _aNew Delhi :
_bKali for women,
_c1993.
300 _a41 p.,
650 _aFeminism.
942 _cL
999 _c356
_d356